000 00353pab a2200157 454500
008 180718b1999 xxu||||| |||| 00| 0 eng d
100 _aAarti
245 _aNeed to reform health sector
260 _c1999
300 _ap.9
362 _a2 Apr
650 _aPublic health - India
650 _aHealth services
773 _aPioneer
909 _a42328
999 _c42328
_d42328